song by lyrics - medium - Statistics

General Stats
  • This quiz has been taken 21 times
  • The average score is 4 of 10
Answer Stats
Hint Answer % Correct
"my friends are in the bathroom getting higher than the empire state" (Fun ft. Janelle Monae) we are young
68%
"These fancy things will never come in between" (Rihanna ft. Jay-Z) Umbrella
63%
when I'm not with you I loose my mind give me a sign (britney spears) baby one more time
58%
"til I hit the dance floor, hit the dance floor I got all I need" (Sia) Cheap Thrills
58%
and now your song is on repeat and i'm dancing on to your heartbeat (zara larson) symphony
47%
yeah i'm out that brooklyn now i'm down in tribecca right next to DeNiro (Jay-Z empire state of mind
32%
she told me don't worry about it (the weeknd) I can't feel my face
21%
Baby, I have no story to be told. But I've heard one on you, now I'm gonna make your head burn (Adele) rolling in the deep
21%
Báilame como si fuera la última vez Y enséñame ese pasito que no sé (DJ snake) taki taki
21%
they're monaco and hamptons bound but we don't feel like outsiders at all (Halsey) new americana
0%
No matching quizzes found
Score Distribution
Percent of People with Each Score
Percentile by Number Answered
Your Score History
You have not taken this quiz